Artheme/ (Record no. 3382)

MARC details
000 -LEADER
campo de control de longitud fija 01458nam a22004457a 4500
003 - IDENTIFICADOR DE NÚMERO DE CONTROL
campo de control OSt
005 - FECHA Y HORA DE LA ÚLTIMA TRANSACCIÓN
campo de control 20230413162239.0
008 - DATOS DE LONGITUD FIJA--INFORMACIÓN GENERAL
campo de control de longitud fija 221006b |||||||| |||| 00| 0 eng d
040 ## - FUENTE DE CATALOGACIÓN
Centro/agencia transcriptor Biblioteca Lado V
082 ## - NÚMERO DE LA CLASIFICACIÓN DECIMAL DEWEY
Número de clasificación 700
Número de ítem A849a
110 ## - ENTRADA PRINCIPAL--NOMBRE DE ENTIDAD CORPORATIVA
9 (RLIN) 800
Nombre de entidad corporativa o nombre de jurisdicción como elemento de entrada Association Atheme
Término indicativo de función/relación director
245 ## - MENCIÓN DEL TÍTULO
Título Artheme/
Resto del título Art contemporain caraibe/
260 ## - PUBLICACIÓN, DISTRIBUCIÓN, ETC.
Nombre del editor, distribuidor, etc. Conseil general de la Guadeloupe
Fecha de publicación, distribución, etc. 1999
Lugar de publicación, distribución, etc. Francia
300 ## - DESCRIPCIÓN FÍSICA
Dimensiones 21x30cm
Extensión 43p.
366 ## - INFORMACIÓN SOBRE DISPONIBILIDAD COMERCIAL
Nota spa
366 ## - INFORMACIÓN SOBRE DISPONIBILIDAD COMERCIAL
Nota fre
366 ## - INFORMACIÓN SOBRE DISPONIBILIDAD COMERCIAL
Nota eng
490 ## - MENCIÓN DE SERIE
Designación de volumen o secuencia 1999
Mención de serie 04
Número Internacional Normalizado para Publicaciones Seriadas 1292 3745
505 ## - NOTA DE CONTENIDO CON FORMATO
Título Editorial
505 ## - NOTA DE CONTENIDO CON FORMATO
Título Regards Croises sur
505 ## - NOTA DE CONTENIDO CON FORMATO
Título Actualites caribeennes
505 ## - NOTA DE CONTENIDO CON FORMATO
Título Les reves de L'IRAV
505 ## - NOTA DE CONTENIDO CON FORMATO
Título BEST-SELLER
505 ## - NOTA DE CONTENIDO CON FORMATO
Título Zoom
505 ## - NOTA DE CONTENIDO CON FORMATO
Título Abonnement
505 ## - NOTA DE CONTENIDO CON FORMATO
Título Ateliers d'artistes
505 ## - NOTA DE CONTENIDO CON FORMATO
Título La vie d'artistes
505 ## - NOTA DE CONTENIDO CON FORMATO
Título Analyse d'une oeuvre
505 ## - NOTA DE CONTENIDO CON FORMATO
Título Retrospectives/Perspectives
650 ## - PUNTO DE ACCESO ADICIONAL DE MATERIA--TÉRMINO DE MATERIA
Fuente del encabezamiento o término Tesauro de Arte & Arquitectura
Término de materia o nombre geográfico como elemento de entrada ARTE
9 (RLIN) 703
650 ## - PUNTO DE ACCESO ADICIONAL DE MATERIA--TÉRMINO DE MATERIA
Fuente del encabezamiento o término Tesauro de Arte & Arquitectura
Término de materia o nombre geográfico como elemento de entrada EXPOSICIONES
650 ## - PUNTO DE ACCESO ADICIONAL DE MATERIA--TÉRMINO DE MATERIA
Fuente del encabezamiento o término Tesauro de Arte & Arquitectura
Término de materia o nombre geográfico como elemento de entrada BIENAL
650 ## - PUNTO DE ACCESO ADICIONAL DE MATERIA--TÉRMINO DE MATERIA
Fuente del encabezamiento o término Tesauro de Arte & Arquitectura
Término de materia o nombre geográfico como elemento de entrada APRECIACION
650 ## - PUNTO DE ACCESO ADICIONAL DE MATERIA--TÉRMINO DE MATERIA
Fuente del encabezamiento o término Tesauro de Arte & Arquitectura
Término de materia o nombre geográfico como elemento de entrada TEORIA
650 ## - PUNTO DE ACCESO ADICIONAL DE MATERIA--TÉRMINO DE MATERIA
Fuente del encabezamiento o término Tesauro de Arte & Arquitectura
Término de materia o nombre geográfico como elemento de entrada CRITICA
650 ## - PUNTO DE ACCESO ADICIONAL DE MATERIA--TÉRMINO DE MATERIA
Fuente del encabezamiento o término Tesauro de Arte & Arquitectura
Término de materia o nombre geográfico como elemento de entrada FOTOGRAFIA
9 (RLIN) 702
650 ## - PUNTO DE ACCESO ADICIONAL DE MATERIA--TÉRMINO DE MATERIA
Fuente del encabezamiento o término Tesauro de Arte & Arquitectura
Término de materia o nombre geográfico como elemento de entrada LITERATURA
650 ## - PUNTO DE ACCESO ADICIONAL DE MATERIA--TÉRMINO DE MATERIA
Fuente del encabezamiento o término Tesauro de Arte & Arquitectura
Término de materia o nombre geográfico como elemento de entrada CUBANO
942 ## - ELEMENTOS DE ENTRADA SECUNDARIOS (KOHA)
Fuente del sistema de clasificación o colocación Clasificación Decimal Dewey
Tipo de ítem Koha Libros
Parte de la signatura que corresponde a la clasificación (Parte de la clasificación) 700
Parte de la signatura que identifica el ejemplar (Parte del ítem) A849a
Suprimir en OPAC No
Holdings
Estatus retirado Estado de pérdida Fuente del sistema de clasificación o colocación Especificación de materiales (volumen encuadernado u otra parte) Estado de daño No para préstamo Colección Biblioteca de origen Biblioteca actual Fecha de adquisición Enumeración/cronología de publicación seriada Número de inventario Total de préstamos Signatura topográfica completa Código de barras Visto por última vez Precio de reemplazo Tipo de ítem Koha
    Clasificación Decimal Dewey 1999     Revistas Biblioteca LadoV Biblioteca LadoV 13/04/2023 4 002573   700 A849a 002573 13/04/2023 13/04/2023 Libros